Personnages dans la série Game of Thrones - Statistiques

Statistiques générales
  • Ce quiz a été pris 253 fois
  • Le résultat moyen est 53 sur 100
Statistiques - réponses
Par images Réponse % Correct
Jon Snow
99%
Arya Stark
97%
Tyrion Lannister
97%
Cersei Lannister
96%
Daenerys Targaryen
95%
Sansa Stark
93%
Bran Stark
88%
Robb Stark
88%
Eddard « Ned » Stark
87%
Theon Greyjoy
86%
Khal Drogo
85%
Samwell Tarly
85%
Jaime Lannister
84%
Catelyn Stark
83%
Petyr « Littlefinger » Baelish
83%
Joffrey Baratheon
82%
Robert Baratheon
82%
Brienne de Torth
81%
Sandor Clegane
81%
Lord Varys
80%
Tywin Lannister
78%
Gregor Clegane
77%
Jorah Mormont
77%
Ver Gris
76%
Hodor
75%
Tommen Baratheon
75%
Stannis Baratheon
74%
Missandei
73%
Ramsay Bolton
72%
Margaery Tyrell
70%
Mélisandre d'Asshaï
70%
Bronn La Néra
67%
Davos Mervault
67%
Oberyn Martell
66%
Ygritte
66%
Shae
65%
Viserys Targaryen
65%
Roi de la nuit
64%
Myrcella Baratheon
61%
Rickon Stark
60%
Loras Tyrell
59%
Olenna Tyrell
59%
Tormund Fléau-d'Ogres
59%
Vère
59%
Gendry Baratheon
56%
Renly Baratheon
56%
Yara Greyjoy
56%
Benjen Stark
54%
Maestre Aemon
54%
Podrick Payne
54%
Le grand moineau
52%
Walder Frey
52%
Lysa Arryn
50%
Lyanna Mormont
48%
Euron Greyjoy
47%
Lancel Lannister
47%
Barristan Selmy
46%
Daario Naharis
46%
Grand Maestre Pycelle
46%
Roose Bolton
46%
Jaqen H'ghar
44%
Tourte-Chaude
44%
Osha
43%
Talisa Maegyr
43%
Robin Arryn
42%
Shireen Baratheon
42%
Jeor Mormont
40%
Mance Rayder
40%
Olly
39%
Ros
39%
Maestre Qyburn
38%
Ellaria Sand
35%
Alliser Thorne
33%
Maestre Luwin
33%
Meera Reed
33%
Meryn Trant
33%
Edmure Tully
32%
Jojen Reed
32%
Trystan Martell
31%
Corneille à trois yeux
30%
Septa Unella
30%
Kevan Lannister
29%
Mace Tyrell
28%
Nymeria Sand
28%
Béric Dondarrion
27%
Dickon Tarly
26%
Rodrik Cassel
25%
Selyse Baratheon
24%
Myranda
21%
Obara Sand
21%
Pypar
19%
Feuille
18%
Grenn
18%
Locke
17%
Tyerne Sand
17%
Eddison Tollett
16%
Janos Slynt
13%
Yohn Royce
9%
Hizdahr zo Loraq
7%
Anya Vanbois
5%
Aucun quiz correspondant
Distribution des résultats
% des personnes avec chaque résultat
Percentile par nombre de réponses
Votre historique - résultats
Vous n’avez pas pris ce quiz